| 000 | 00935nam a22002537a 4500 | ||
|---|---|---|---|
| 999 |
_c64510 _d64510 |
||
| 005 | 20240530110735.0 | ||
| 008 | 180712s2009 ua a g b 000 0 ara d | ||
| 017 |
_a2008/13323 _bمصر. دار الكتب |
||
| 020 | _a9772936186 | ||
| 040 |
_aEG-CaGPL _cEG-CaGPL |
||
| 082 | 0 | 4 |
_221 _a155.5 / _bم ش |
| 100 | 0 | _aمحمد حسن غانم | |
| 245 | 1 | 2 |
_aالشباب المعاصر وازماتة : _bدراسات نفسية ميدانية / _cمحمد حسن غانم |
| 250 | _aط.1 | ||
| 260 |
_aالقاهرة : _bمكتبة الدار العربية للكتاب، _c2008. |
||
| 300 |
_a407 ص. : _bايض ؛ _c24 سم. |
||
| 504 | _aيشتمل على ارجاعات ببليوجرافية | ||
| 650 | 0 | 7 |
_2qrmak _aالشباب |
| 650 | 0 | 7 |
_2qrmak _aالتغير الاجتماعى |
| 650 | 0 | 7 |
_2qrmak _aالشباب _xعلم نفس |
| 651 | _2qrmak | ||
| 942 |
_2ddc _cBK |
||